000 00772nam a2200241Ia 4500
005 20260430150559.0
008 008 250103s9999 xx 000 0 eng d
037 _aTheses
040 _aCRL
040 _beng
040 _ceng
041 _2eng
041 _aeng
084 _qCRL
100 _aVarun Kumar Au.; Pal Shraddha Gu.; Suryanarayan Neelakshi Gu.
_91237912
245 4 _aThe Evolution of Socio-Political Satire in Russian Literature: A Comparative Analysis of Selected Works from Tsarist, Soviet and Post-Soviet Periods
260 _c2024
300 _a274p.
650 _aSlavonic Literature
700 _aUniversity of Delhi. Faculty of Arts. Deptt. of Slavonic & Finno- Ugrian Studies
_91237311
942 _cTH
999 _c1850130
_d1850130